| 000 | 00626nam a2200229Ia 4500 | ||
|---|---|---|---|
| 003 | OSt | ||
| 005 | 20220608125534.0 | ||
| 008 | 210716s1988 xx 000 0 und d | ||
| 020 | _a0449907058 | ||
| 040 | _cAIMIT LIBRARY | ||
| 041 | _aeng | ||
| 082 |
_a658.3124 _21 _bBYHW |
||
| 100 |
_aByham, William C. _941099 |
||
| 245 |
_aZapp : _blighting of empowerment / |
||
| 250 | _a1st ed. | ||
| 260 |
_aNew York : _bFawcett Books , _c1988. |
||
| 300 |
_aix, 191p. ; _c20 cm. |
||
| 650 |
_aSituation normal _941100 |
||
| 650 |
_aThe ralpholator _941101 |
||
| 650 |
_aLucy storm _941102 |
||
| 942 |
_2ddc _cBK _e1st _k658.3124 BYHW |
||
| 999 |
_c198983 _d198983 |
||